<?xml version="1.0" encoding="UTF-8"?>
<record
    xmlns:xsi="http://www.w3.org/2001/XMLSchema-instance"
    xsi:schemaLocation="http://www.loc.gov/MARC21/slim http://www.loc.gov/standards/marcxml/schema/MARC21slim.xsd"
    xmlns="http://www.loc.gov/MARC21/slim">

  <leader>00544nam a2200169   4500</leader>
  <controlfield tag="003">LK-CoMWRAF</controlfield>
  <controlfield tag="005">20240118135010.0</controlfield>
  <controlfield tag="008">231214b        |||||||| |||| 00| 0 eng d</controlfield>
  <datafield tag="020" ind1=" " ind2=" ">
    <subfield code="a">9789552049015</subfield>
  </datafield>
  <datafield tag="040" ind1=" " ind2=" ">
    <subfield code="a">LK-CoMWRAF</subfield>
    <subfield code="d">LK-CoMWRAF</subfield>
    <subfield code="e">LK-CoMWRAF</subfield>
  </datafield>
  <datafield tag="041" ind1=" " ind2=" ">
    <subfield code="a">sin</subfield>
  </datafield>
  <datafield tag="082" ind1=" " ind2=" ">
    <subfield code="a">920</subfield>
    <subfield code="b">PIP</subfield>
  </datafield>
  <datafield tag="245" ind1=" " ind2=" ">
    <subfield code="a">&#xDB4;&#xDD2;&#xDB4;&#xDD2; &#xDAD;&#xDB9;&#xDBB;&#xDB1;</subfield>
  </datafield>
  <datafield tag="246" ind1=" " ind2=" ">
    <subfield code="a">Pipi thambarana</subfield>
  </datafield>
  <datafield tag="260" ind1=" " ind2=" ">
    <subfield code="a">&#xDB1;&#xDD4;&#xD9C;&#xDDA;&#xD9C;&#xDDC;&#xDA9; :</subfield>
    <subfield code="b">&#xDC5;&#xDB8;&#xDCF; &#xDC4;&#xDCF; &#xDC3;&#xD82;&#xDC0;&#xDBB;&#xDCA; &#xDB0;&#xDB1; &#xDC4;&#xDCF; &#xD9A;&#xDCF;&#xDB1;&#xDCA;&#xDAD;&#xDCF; &#xD9A;&#xDA7;&#xDBA;&#xDD4;&#xDAD;&#xDD4; &#xD85;&#xDB8;&#xDCF;&#xDAD;&#xDCA;&#x200D;&#xDBA;&#xDCF;&#xD82;&#xDC1;&#xDBA; </subfield>
    <subfield code="c">2011</subfield>
  </datafield>
  <datafield tag="942" ind1=" " ind2=" ">
    <subfield code="c">BK</subfield>
  </datafield>
  <datafield tag="952" ind1=" " ind2=" ">
    <subfield code="0">0</subfield>
    <subfield code="1">0</subfield>
    <subfield code="4">0</subfield>
    <subfield code="7">0</subfield>
    <subfield code="a">MAIN</subfield>
    <subfield code="b">MAIN</subfield>
    <subfield code="d">2023-12-14</subfield>
    <subfield code="l">0</subfield>
    <subfield code="o">920 PIP</subfield>
    <subfield code="p">RAF4855</subfield>
    <subfield code="r">2023-12-14</subfield>
    <subfield code="w">2023-12-14</subfield>
    <subfield code="y">BK</subfield>
  </datafield>
  <datafield tag="999" ind1=" " ind2=" ">
    <subfield code="c">4464</subfield>
    <subfield code="d">4464</subfield>
  </datafield>
</record>
